Forum diabetologicum

Bibliographic Details
Other Authors: Skalka, Boris (Publishing director)
Format: Journal
Language:Slovak
English
PhysicalDescription:zv. 27 cm
Online vydanie : Forum diabetologicum (On-line) ISSN 1805-9279
Published: Brno Facta Medica, s.r.o. 2012-
ISSN:1805-3807
Subjects:
Online Access:http://www.forumdiabetologicum.sk/

MARC

LEADER 00000cas a2200000 a 4500
001 vtls010426856
003 SK-MaSNL
005 20260228160348.0
008 120531c20129999xr tr p 0 b0slo d
022 |a 1805-3807 
040 |a SVKBB  |b slo  |c SVKBB  |d SNK  |e AACR2 
041 0 |a slo  |a eng  |b eng 
044 |a xr  |c CZ 
072 7 |a 616  |x Patológia. Klinická medicína  |2 konspekt 
080 |a 616.379-008.64  |2 2011 
080 |a 050  |2 2011 
080 |a (051)-027.561  |2 2011 
210 0 |a Forum diabetol.  |b (Print) 
222 0 |a Forum diabetologicum  |b (Print) 
245 0 0 |a Forum diabetologicum 
246 1 2 |a Diabetická nefropatia : diagnostika, prevencia a liečba  |f Suppl. 1/2013 
260 |a Brno  |b Facta Medica, s.r.o.  |c 2012- 
300 |a zv.  |c 27 cm 
310 |a 3x ročne 
362 0 |a Č. 1 (2012)- 
500 |a Časopis podporovaný Slovenskou diabetologickou spoločnosťou a Slovenskou internistickou spoločnosťou 
500 |a Registračná značka MK ČR: E 20712 
500 |a Šéfredaktor: 2020- , Boris Skalka 
530 |a Online vydanie : Forum diabetologicum (On-line) ISSN 1805-9279 
546 |a Text aj v angl. ; res. angl. 
650 0 7 |a diabetes mellitus  |2 SNKPH  |9 72741 
650 0 7 |a diabetes mellitus  |2 SNKPHeng  |9 72741 
655 7 |a odborné časopisy  |2 SNKPH  |9 70505 
655 7 |a Professional journals  |2 SNKPHeng  |9 265007 
700 1 |a Skalka, Boris  |4 pbd  |9 266491 
710 2 |a Slovenská internistická spoločnosť  |4 pbl  |9 92889 
710 2 |a Slovenská diabetologická spoločnosť  |4 pbl  |9 158662 
852 |a Štátna vedecká knižnica v Banskej Bystrici 
856 4 1 |u http://www.forumdiabetologicum.sk/ 
910 |a snk 
916 |a 2012-2013 
999 |c 2269  |d 4199 
952 |0 0  |1 0  |4 0  |7 0  |8 0  |a SNK  |b SNK  |d 2023-05-19  |i snk2023/8027  |l 0  |o snkČSB 6861/9/2020  |p 17A1520288  |r 2026-02-21 19:51:17  |t č. 1-3  |w 2026-02-21  |y PREZ 
952 |0 0  |1 0  |4 0  |7 0  |8 0  |a SNK  |b SNK  |d 2023-05-19  |i snk2023/8028  |l 0  |o snkČSB 6861/10/2021  |p 17A1520287  |r 2026-02-21 19:51:17  |t č. 1-3 + 2 suppl. + 1 príl.  |w 2026-02-21  |y PREZ  |z Supplementum 1,2 ; v S2 inzertná príloha 
952 |0 0  |1 0  |4 0  |7 0  |8 0  |a SNK  |b SNK  |d 2023-05-19  |i snk2023/8029  |l 0  |o snkČSB 6861/11/2022  |p 17A1520286  |r 2026-02-21 19:51:17  |t č. 1-3  |w 2026-02-21  |y PREZ 
952 |0 0  |1 0  |4 0  |7 0  |8 0  |a SNK  |b SNK  |d 2023-05-19  |i snk2023/8030  |l 0  |o snkČSB 6861/9/2020 D1  |p 17A1520285  |r 2026-02-21 19:51:17  |t č. 1-3  |w 2026-02-21  |y PREZ 
952 |0 0  |1 0  |4 0  |7 0  |8 0  |a SNK  |b SNK  |d 2023-05-19  |i snk2023/8032  |l 0  |o snkČSB 6861/10/2021 D1  |p 17A1520284  |r 2026-02-21 19:51:17  |t č. 1-3 + 2 suppl. + 1 príl.  |w 2026-02-21  |y PREZ  |z Supplementum 1 - chýba ; Supplementum 2 - v S2 - inzertná príloha 
952 |0 0  |1 0  |4 0  |7 0  |8 0  |a SNK  |b SNK  |d 2023-05-19  |i snk2023/8033  |l 0  |o snkČSB 6861/11/2022 D1  |p 17A1520283  |r 2026-02-21 19:51:17  |t č. 1-3  |w 2026-02-21  |y PREZ 
952 |0 0  |1 0  |4 0  |7 0  |8 1  |a SNK  |b SNK  |d 2018-11-14  |i snk2018/23806  |l 0  |o snkČSB 6861/2012  |p 17A1340600  |r 2026-02-21 22:05:59  |t č. 1-3  |w 2026-02-21  |y PREZ 
952 |0 0  |1 0  |4 0  |7 0  |8 1  |a SNK  |b SNK  |d 2018-11-14  |i snk2018/23807  |l 0  |o snkČSB 6861/2013  |p 17A1340599  |r 2026-02-21 22:05:59  |t č. 1-3 + 1 suppl., neúplné  |w 2026-02-21  |y PREZ  |z Chýba č. 1, 3 ; Supplementum k č. 2